SUBTROPICAL AND DRY CLIMATE PLANTS. (Record no. 479051)

MARC details
000 -LEADER
fixed length control field 00397pam a2200157a 44500
008 - FIXED-LENGTH DATA ELEMENTS--GENERAL INFORMATION
fixed length control field 230515b2006 xxu||||| |||| 00| 0 eng d
020 ## - INTERNATIONAL STANDARD BOOK NUMBER
International Standard Book Number 9.78185E+12
041 ## - LANGUAGE CODE
Language code of text/sound track or separate title ENGLISH
082 ## - DEWEY DECIMAL CLASSIFICATION NUMBER
Classification number NULL
100 ## - MAIN ENTRY--PERSONAL NAME
Personal name RIX M.
245 ## - TITLE STATEMENT
Title SUBTROPICAL AND DRY CLIMATE PLANTS.
250 ## - EDITION STATEMENT
Edition statement 1
260 ## - PUBLICATION, DISTRIBUTION, ETC.
Place of publication, distribution, etc. LONDON
Name of publisher, distributor, etc. OCTOPUS PUBLISHING
Date of publication, distribution, etc. 2006
300 ## - PHYSICAL DESCRIPTION
Extent 256
650 ## - SUBJECT ADDED ENTRY--TOPICAL TERM
Topical term or geographic name entry element SUBTROPICAL AND DRY CLIMATE PLANTS.

No items available.